Library Catalogue
St. Thomas' College (Autonomous),Thrissur

Database: system concepts (Record no. 89966)

MARC details
000 -LEADER
fixed length control field 00504nam a2200205Ia 4500
003 - CONTROL NUMBER IDENTIFIER
control field STCL
008 - FIXED-LENGTH DATA ELEMENTS--GENERAL INFORMATION
fixed length control field 230729s9999 xx 000 0 und d
020 ## - INTERNATIONAL STANDARD BOOK NUMBER
International Standard Book Number 9780071244763
040 ## - CATALOGING SOURCE
Original cataloging agency STCL
Transcribing agency STCL
Language of cataloging EN
082 ## - DEWEY DECIMAL CLASSIFICATION NUMBER
Edition number 22
100 ## - MAIN ENTRY--PERSONAL NAME
Personal name Silberschatz, Abraham
245 #0 - TITLE STATEMENT
Title Database: system concepts
250 ## - EDITION STATEMENT
Edition statement 5
260 ## - PUBLICATION, DISTRIBUTION, ETC. (IMPRINT)
Name of publisher, distributor, etc. McGraw Hill Higher Education
Place of publication, distribution, etc. New York
Date of publication, distribution, etc. 2006
300 ## - PHYSICAL DESCRIPTION
Extent 1142 p
365 ## - TRADE PRICE
Price amount 980
546 ## - LANGUAGE NOTE
Language note English
700 ## - ADDED ENTRY--PERSONAL NAME
Personal name Korth, Henry F; Sudarshan, S
942 ## - ADDED ENTRY ELEMENTS (KOHA)
Source of classification or shelving scheme
Edition
Koha item type Book
Holdings
Withdrawn status Lost status Source of classification or shelving scheme Damaged status Not for loan Home library Current library Shelving location Date acquired Total Checkouts Full call number Barcode Date last seen Date last checked out Price effective from Koha item type Total Renewals
          Santhome Athenaeum Santhome Athenaeum General Stacks 29/07/2023 1 005.74 SIL-D J00617 29/11/2023 13/11/2023 29/07/2023 Book  
          Santhome Athenaeum Santhome Athenaeum General Stacks 29/07/2023 3 005.74 SIL-D J00618 10/10/2025 19/09/2025 29/07/2023 Book 1
The Librarian
St. Thomas' College (Autonomous),
Thrissur - 680 001, Kerala, INDIA


Phone: +91 487 2420435    Ext: 1006   |    E-mail: stctlib@gmail.com    |    Web: http://stthomas.ac.in